Zákon o daňových orgánoch a ktorým sa mení a dopĺňa zákon č. 440/2000 Z.z. o správach finančnej kontroly
Zákon c. 150 zo 6. apríla 2001 o daňových orgánoch a ktorým sa mení a dopĺňa zákon č. 440/2000 Z.z. o správach finančnej kontroly. Upravuje postavenie, organizáciu a pôsobnosť daňových orgánov. Obvody v pôsobnosti daňových úradov v Slovenskej republike.
Guardado en:
| Formato: | Capítulo de libro |
|---|---|
| Lenguaje: | eslovaco |
| Materias: | |
| Etiquetas: |
Sin Etiquetas, Sea el primero en etiquetar este registro!
|
MARC
| LEADER | 00000naa a2200000 4500 | ||
|---|---|---|---|
| 001 | r042363 | ||
| 005 | 20230927104250.2 | ||
| 041 | 0 | |a slo | |
| 044 | |a SK | ||
| 245 | 1 | 0 | |a Zákon o daňových orgánoch a ktorým sa mení a dopĺňa zákon č. 440/2000 Z.z. o správach finančnej kontroly |
| 520 | |a Zákon c. 150 zo 6. apríla 2001 o daňových orgánoch a ktorým sa mení a dopĺňa zákon č. 440/2000 Z.z. o správach finančnej kontroly. Upravuje postavenie, organizáciu a pôsobnosť daňových orgánov. Obvody v pôsobnosti daňových úradov v Slovenskej republike. | ||
| 610 | 2 | 0 | |a úrady daňové |
| 610 | 2 | 0 | |a organizácia |
| 610 | 2 | 0 | |a zákony |
| 610 | 2 | 0 | |a Slovensko |